00521nam a2200181Ia 450000500170000000800410001702000140005804000190007204100120009108200110010310000170011424501110013126000320024230000120027465000230028670000200030985000100032920231125100653.0131103s9999 xx 000 0 und d a440201322 aLoreto College aEnglish aFbWRI aWright,Peter aSpycatcherb The Candid Autobiography of a Senior Intelligence Officer cPeter Wright with Paul Greengrass aNew YorkbA Dell Bookc1987 a496 p.  aFiction in English aGreengrass,Paul aLCLIB